00424nam a22001577a 450000500170000001000140001702000250003103500130005603700130006908200080008224500860009026000310017630000220020765000110022970000260024020100802141124.0 aENG-97693 a9781439202807c75.00 aEN-81226 bDBAD/PUB a881 aKhusro :bthe Indian orpheus-a hundred odes /ctranslated by Khalid Hameed Shaida bKhalid Hameed Shaidac2008 a101p.c21cm (pbk) aPoetry aShaida, Khalid Hameed